Statistics for Band Name Etymology

Click here to take the quiz!

General Stats

  • This quiz has been taken 820 times
  • The average score is 5 of 22

Answer Stats

EtymologyBand% Correct
Agnetha Fältskog, Björn Ulvaeus, Benny Andersson and Anni-Frid LyngstadABBA
91%
Referring to the HindenburgLed Zeppelin
65%
Randomly from a dictionary, an abbreviation for a type of sleepR.E.M.
59%
Abbreviation of original name, "The Management"MGMT
43%
Nickname given to lead vocalist because of his asthmaWeezer
31%
The sidekick to Radioactive Man from The SimpsonsFall Out Boy
28%
Slang term for a day spent smoking marijuanaGreen Day
25%
Term used by Allied pilots in WWII to describe various UFOsFoo Fighters
24%
From a John Steinbeck novel, itself taken from a Robert Burns poemOf Mice & Men
23%
A beehive hairstyleThe B-52's
18%
After a gym teacher notorious for enforcing no long hair on boysLynyrd Skynyrd
17%
From a Muddy Waters songThe Rolling Stones
17%
Heart-exploding move from the movie Kill BillFive Finger Death Punch
15%
After the group saw a kung fu filmWu-Tang Clan
14%
Shortening of a deceased animal found in his computer as a teenagerdeadmau5
12%
A Wu-Tang Clan name generator sophomore year at NYUChildish Gambino
11%
A negative review described the duo's effort as "a ____ ____y thrash"Daft Punk
11%
The lead singer filmed a low-budget vampire movie with the same nameVampire Weekend
7%
From the Book of Genesis - "If Cain shall be _______ _________"Avenged Sevenfold
6%
From a line said by Captain Jack Sparrow in The Curse of the Black PearlBring Me the Horizon
5%
Lead vocalist's little sister, with an added space, meaning "victory rose"Sigur Rós
3%
A flea market in OrlandoBackstreet Boys
2%

Score Distribution

Percentile by Number Answered

Percent of People with Each Score

Your Score History

You have not taken this quiz